Exploring engineering : an introduction to engineering and design

Main Author: Kosky, Philips (Author)
Other Authors: Keat, William, Wise, George, Balmer, Robert
Published: London: Academic Press (Elsevier), 2021.
Subjects:
LEADER 01037cam a2200313 7i4500
001 0000150147
005 20210321090000.0
008 210321t20212021enka g## #00001eng##
020 # # |a 9780128150733  
040 # # |a UMT 
090 0 # |a TA 174   |b .K6 2021 
100 1 # |a Kosky, Philips   |e author  
245 1 0 |a Exploring engineering :   |b an introduction to engineering and design   |c Philip Kosky; Robert Balmer; William Keat; George Wise. 
264 # 4 |c ♭2021. 
264 # 1 |a London:   |b Academic Press (Elsevier),   |c 2021. 
300 # # |a xxiii,631 pages:   |b illustrations;   |c 23 cm. 
336 # # |a text  |2 rdacontent 
337 # # |a unmediated  |2 rdamedia 
338 # # |a volume  |2 rdacarrier 
590 # # |a Pusat Asasi STEM 
591 # # |a Reading List PASTEM 2021 
650 # 0 |a Design  
650 # 0 |a Engineering design  
650 # 0 |a Engineering  
700 1 # |a Keat, William  
700 1 # |a Wise, George  
700 1 # |a Balmer, Robert  
999 |a 1100110688  |b Book  |c Koleksi Asasi Stem  |e KOLEKSI TERBUKA 
999 |a 1100110689  |b Book  |c Open Shelf  |e KOLEKSI TERBUKA